Manažerské účetnictví
Salvato in:
| Autore principale: | |
|---|---|
| Natura: | Libro |
| Lingua: | ceco |
| Pubblicazione: |
Praha
Bilance
1997
|
| Serie: | Vzdělávání účetních v ČR
|
| Soggetti: | |
| Tags: |
Nessun Tag, puoi essere il primo ad aggiungerne!!
|
MARC
| LEADER | 00000nam a2200000 4500 | ||
|---|---|---|---|
| 001 | c111016 | ||
| 005 | 20240311130504.4 | ||
| 041 | 0 | |a cze | |
| 044 | |a CZ | ||
| 245 | 1 | 0 | |a Manažerské účetnictví |c Rudolf Schroll ... [et al.] |
| 264 | 1 | |a Praha |b Bilance |c 1997 | |
| 300 | |a 461 s. | ||
| 490 | 1 | |a Vzdělávání účetních v ČR | |
| 830 | 0 | |a Vzdělávání účetních v ČR | |
| 610 | 2 | 0 | |a účtovníctvo manažérske |
| 610 | 2 | 0 | |a náklady |
| 610 | 2 | 0 | |a výnosy |
| 610 | 2 | 0 | |a zisk |
| 610 | 2 | 0 | |a plánovanie |
| 610 | 2 | 0 | |a riadenie |
| 610 | 2 | 0 | |a informácie ekonomické |
| 610 | 2 | 0 | |a rozhodovanie |
| 610 | 2 | 0 | |a vklady |
| 610 | 2 | 0 | |a ceny |
| 610 | 2 | 0 | |a riadenie vnútropodnikové |
| 610 | 2 | 0 | |a účtovanie nákladov |
| 610 | 2 | 0 | |a dane |
| 610 | 2 | 0 | |a rozpočtovanie |
| 610 | 2 | 0 | |a rozpočty |
| 610 | 2 | 0 | |a náklady režijné |
| 610 | 2 | 0 | |a sortiment výroby |
| 610 | 2 | 0 | |a objem výroby |
| 610 | 2 | 0 | |a projekty investičné |
| 610 | 2 | 0 | |a kontrola |
| 610 | 2 | 0 | |a Česko |
| 610 | 2 | 0 | |a Phare |
| 100 | 1 | |a Schroll, Rudolf | |